00273nam a2200109 4500082001200000100001800012245004500030250003400075260003200109300000800141650001400149 a547 CRA aCram,Donald.J aChemistry :international Student Edition ainternational Student Edition aNew YorkbMcGraw-Hillc1959 a846 aChemistry